00778nam a22001575i 4500001000700000003000900007005001700016008004100033040002000074100003500094245007700129260008300206300002700289505018600316852011800502168084ES-MaACL20230906213658.0040727s1870 fr |||| | fre d aCAM bspa cCAM1 aYriarte, Charles (d1833-1898)14aLes portraits cosmopolites / cLe Marquis de Villemer (Charles Yriarte). aParis : bE. Lachaud, c1870 (fImprimerie Paul Dupont, Maurice Loignon et C.) aVII, 240 p. ; c19 cm.8 aContiene : Don Juan Prim, Théophile Gautier, Garibaldi, Pie IX, Le Père Hyacinthe, Maréchal Narvaez, Dona d'Istria, Charles Beaudelaire, Héctor Berlioz, Maréchal O'Donnell aES-MaACLjD-920 z-- Rúst. z-- Legado de Modesto de la Fuente z-- A partir de la p. 219, propaganda editorial